Normal view
MARC view
Entry Topical Term
001 - CONTROL NUMBER
- control field: 12918
003 - CONTROL NUMBER IDENTIFIER
- control field: HDC
005 - DATE AND TIME OF LATEST TRANSACTION
- control field: 20230624073408.0
008 - FIXED-LENGTH DATA ELEMENTS
- fixed length control field: 210209|| aca||aabn | a|a d
040 ## - CATALOGING SOURCE
- Original cataloging agency: HDC
- Transcribing agency: HDC
150 ## - HEADING--TOPICAL TERM
- Topical term or geographic name entry element: Edible parts
670 ## - SOURCE DATA FOUND
- Source citation: Work cat.: (HDC): Engku Azahan Engku Ahmed, author 12916, Carcass yield and edible component parts of ostriches raised under an intensive system in Malaysia /, 2003
